La nueva ciencia de curar : o la enseñanza de la unidad de las enfermedades... /

Conferencias del autor, uno de los fundadores de la medicina naturista, en las que detalla su método de curar las enfermedades por medios naturales y la alimentación. Incluye la génesis de las enfermedades, el origen de la fiebre y la curación por medios físicos como baños de vapor, baños de agua fr...

Повний опис

Збережено в:
Бібліографічні деталі
Автор: Kuhne, Luis (autor)
Формат: Книга
Мова:Іспанська
Опубліковано: Buenos Aires, Argentina : Caymi, 1969, c1969
Серія:(El Buen Lector)
Предмети:
Теги: Додати тег
Немає тегів, Будьте першим, хто поставить тег для цього запису!

MARC

LEADER 00000nam^a2200000^a^4500
001 000327854
005 20250521000000.0
009 20260310113850.206
037 |a Acervo ITESO - Biblioteca 
041 |a ESP 
082 |a 615. 535  |b KUH 
100 |a Kuhne, Luis  |e (autor) 
240 1 4 |a [La nueva ciencia de curar] 
245 1 3 |a La nueva ciencia de curar :  |b o la enseñanza de la unidad de las enfermedades... /  |c L. Kuhne. 
264 4 |a Buenos Aires, Argentina :  |b Caymi,  |c 1969, c1969 
300 |a 412 p. 
336 |a texto  |b txt  |2 rdacontenido 
337 |a sin mediación  |b n  |2 rdamedio 
338 |a volumen  |b nc  |2 rdasoporte 
440 4 |a (El Buen Lector) 
520 |a Conferencias del autor, uno de los fundadores de la medicina naturista, en las que detalla su método de curar las enfermedades por medios naturales y la alimentación. Incluye la génesis de las enfermedades, el origen de la fiebre y la curación por medios físicos como baños de vapor, baños de agua fría acompañados de alimentos combinados, entre otras terapias. 
649 |a XX 
650 |a Enfermedades -  |x Tratamiento 
650 |a Enfermedades -  |x Tratamiento 
650 |a Nutrición 
650 |a Sintomatología 
650 |a Medicina Preventiva 
650 |a Medicina Naturista -  |x Tema Principal 
650 |a Medicina Alternativa 
650 |a Salud -  |x Prevención 
650 |a Naturismo 
910 |a Fondo Ignacio Díaz Morales 
920 |a Impresos - Libros 
930 |a Arquitectos Jaliscienses 
905 |a 114 
901 |a 0500217097  |b IT1  |c JAL  |i D59934  |u 20250521 
902 |a https://opac.biblio.iteso.mx/vufind/Record/000327854